Quality assurance in construction (Record no. 87631)

MARC details
000 -LEADER
fixed length control field 00522cam a2200217 4500
008 - FIXED-LENGTH DATA ELEMENTS--GENERAL INFORMATION
fixed length control field 090401t1990 xxu||||| |||| 00| 0 eng d
020 ## - INTERNATIONAL STANDARD BOOK NUMBER
International Standard Book Number 0566090546
035 ## - SYSTEM CONTROL NUMBER
System control number (Sirsi) u18881
041 ## - LANGUAGE CODE
Language code of text/sound track or separate title eng
050 ## - LIBRARY OF CONGRESS CALL NUMBER
Classification number 690.3
100 ## - MAIN ENTRY--PERSONAL NAME
Personal name Duncan, John M
245 ## - TITLE STATEMENT
Title Quality assurance in construction
260 ## - PUBLICATION, DISTRIBUTION, ETC.
Place of publication, distribution, etc. Aldershot,Hants
Name of publisher, distributor, etc. Gower
Date of publication, distribution, etc. 1990
300 ## - PHYSICAL DESCRIPTION
Extent 132p. ; 24cm.
350 ## - PRICE (NR) (BK AM CF MU VM SE) [OBSOLETE]
Price 25
650 ## - SUBJECT ADDED ENTRY--TOPICAL TERM
Topical term or geographic name entry element BUILDING INDUSTRY
700 ## - ADDED ENTRY--PERSONAL NAME
Personal name Thorpe, Brian
700 ## - ADDED ENTRY--PERSONAL NAME
Personal name Sumner, Peter
942 ## - ADDED ENTRY ELEMENTS (KOHA)
Suppress in OPAC 0
948 ## - LOCAL PROCESSING INFORMATION (OCLC); SERIES PART DESIGNATOR (RLIN)
c (OCLC) 04/03/1997
Holdings
Withdrawn status Lost status Source of classification or shelving scheme Damaged status Not for loan Home library Current library Shelving location Date acquired Cost, normal purchase price Total Checkouts Full call number Barcode Date last seen Copy number Cost, replacement price Price effective from Koha item type
    Dewey Decimal Classification     London London Basement 14/09/1999 25.00   SHELF 203 30029271 06/08/2019 1 25.00 06/08/2019 Book